Рыболов-спортсмен: альманах; Вып. 49

Bibliographic Details
Other Authors: Фетинов Н. П. Николай Петрович (составитель)
Summary:Исключено из фонда НТБ ТПУ
Language:Russian
Published: Москва, Физкультура и спорт, 1989
Subjects:
Format: Book
KOHA link:https://koha.lib.tpu.ru/cgi-bin/koha/opac-detail.pl?biblionumber=130623

MARC

LEADER 00000nam0a2200000 4500
001 130623
005 20250821092857.0
035 |a (RuTPU)RU\TPU\book\141478 
090 |a 130623 
100 |a 20080206d1989 m y0rusy50 ca 
101 0 |a rus 
102 |a RU 
105 |a a z 000zy 
200 1 |a Рыболов-спортсмен  |h Вып. 49  |e альманах  |f сост. Н. П. Фетинов 
210 |a Москва  |c Физкультура и спорт  |d 1989 
215 |a 160 с.  |c ил. 
333 |a Исключено из фонда НТБ ТПУ 
610 1 |a рыболовство 
610 1 |a спорт 
610 1 |a рыбная ловля 
610 1 |a мастерство 
610 1 |a новинки 
610 1 |a зимняя рыбалка 
610 1 |a альманахи 
675 |a 799  |v 3 
702 1 |a Фетинов  |b Н. П.  |g Николай Петрович  |4 220 
801 1 |a RU  |b 63413507  |c 20080206  |g PSBO 
801 2 |a RU  |b 63413507  |c 20150416  |g PSBO 
942 |c BK